José Martí en los documentos de la revolución
محفوظ في:
| المؤلف الرئيسي: | |
|---|---|
| التنسيق: | غير معروف |
| منشور في: |
La Habana, Cuba
Editorial Pablo de la Torriente
1991
|
| الموضوعات: | |
| الوسوم: |
إضافة وسم
لا توجد وسوم, كن أول من يضع وسما على هذه التسجيلة!
|
MARC
| LEADER | 000000000a22000000004500 | ||
|---|---|---|---|
| 001 | 002148 | ||
| 041 | 0 | |a español | |
| 092 | 0 | |a Cu864.2D M378do | |
| 100 | 1 | |a Domínguez Hernández, Marlen | |
| 245 | 1 | 0 | |a José Martí en los documentos de la revolución |
| 260 | |a La Habana, Cuba |b Editorial Pablo de la Torriente |c 1991 | ||
| 300 | |a 21 páginas | ||
| 500 | |a Número de inscripción 01468 | ||
| 650 | 4 | |a MARTI, JOSE, 1853-1895 | |
| 650 | 4 | |a DOCUMENTOS | |
| 650 | 4 | |a REVOLUCION | |
| 999 | |c 3017 |d 3017 | ||
